| 000 | 00425nam a22001097a 4500 | ||
|---|---|---|---|
| 008 | 230606b xxu||||| |||| 00| 0 eng d | ||
| 082 |
_a352.35 _bCAJ |
||
| 245 |
_aThe Commission on Administrative Justice(Office of the Ombudsman) _bColloquium of Africa Ombudsman Institutions _cSecuring the ombudsman as an Instrument of Governance in Africa _h19th-22nd February 2015 |
||
| 260 | _aNairobi, Kenya | ||
| 300 | _a113p | ||
| 942 |
_2ddc _cBK |
||
| 999 |
_c556 _d556 |
||